| 000 | 00924cab a2200289 4500 | ||
|---|---|---|---|
| 001 | WB3338-31 | ||
| 008 | 090401t1997 xxu||||| |||| 00| 0 eng d | ||
| 035 | _a(Sirsi) u81225 | ||
| 041 | _aeng | ||
| 245 | _aLand slide decision | ||
| 260 | _c1997 | ||
| 350 | _a0 | ||
| 490 |
_aIndependent _v3 October 1997, 17(2) |
||
| 490 |
_aGuardian _v3 October 1997, 10 |
||
| 520 | _aScarborough council has been held liable for the destruction of Holbeck Hall hotel, caused by a landslide and cliff erosion. A court has held that it had a duty of care to maintain the land and cliffs which it owned between the hotel and the sea. | ||
| 650 | _aCOASTAL EROSION | ||
| 650 | _aDUTY OF CARE | ||
| 650 | _aLANDOWNERS | ||
| 650 | _aLANDSLIDES | ||
| 650 | _aLIABILITY | ||
| 650 | _aNATURAL DISASTERS | ||
| 650 | _aNORTH YORKSHIRE | ||
| 650 | _aSCARBOROUGH COUNCIL | ||
| 690 | _aLAND | ||
| 942 | _n0 | ||
| 948 | _c03/10/1997 | ||
| 999 |
_c51190 _d51190 |
||